Řečické písně

Hlavní autor: Novotný, Václav Juda, 1849-1922
Jazyk: Čeština
Vydáno: [Praha] : Hudební odbor Umělecké besedy, c1907
Fyzický popis: 1 partitura (62 s.)
Hudebniny Hudebniny
Uloženo v:
LEADER 00849ncm a22002172a 4500
001 001371698
003 CZ BrMZK
005 20150213125954.0
007 qu
008 120216s1907 xr |||||||||||||||||cze d
040 |a BOA001  |b cze 
072 7 |a 784  |x Vokální hudba  |2 Konspekt  |9 9 
100 1 |a Novotný, Václav Juda,  |d 1849-1922  |7 jk01090778  |4 com  |4 arr 
245 1 0 |a Řečické písně  |h [hudebnina] /  |c z ústního podání napsal a průvodem klavírním opatřil V.J. Novotný 
260 |a [Praha] :  |b Hudební odbor Umělecké besedy,  |c c1907 
300 |a 1 partitura (62 s.) 
910 |a BOA001  |b Mus4-0164.652 
990 |a MU 
991 |a 201403 
996 6 |b 2619658902  |c Mus4-0164.652  |l MZK  |r Sklad / do 1 hodiny  |n 0  |w 001406705  |u 000020  |a 1  |e BOA001  |j MZK50  |s P 
996 6 |b 2619658903  |c Mus4-0164.652  |l MZK  |r Sklad / do 1 hodiny  |n 0  |w 001406705  |u 000010  |a 1  |e BOA001  |j MZK50  |s P